000 00542nam a2200181Ia 4500
005 20250521034439.0
008 240331s9999 xx 000 0 und d
020 _a9559089005
082 _bGAJ
_a305
100 _aGajanayake, J
245 0 _aPraja sanwardana vyapruthi :
_bsalasum kirima kiriyathmaka kirima agayeema -pilibenda athpotha
260 _aColombo
_bNational Association for Community Development & Education
_c1990
300 _a79 p .,
650 _aPlanning
650 _aImplementation
650 _aEvaluation
942 _cL
999 _c1797
_d1797